000 01127nam a22002537a 4500
003 BJBSDDR
005 20251128095515.0
007 ta
008 251128s2014 mx ||||| |||| 00| 0 spa d
020 _a9786071624482
020 _a6071624487
040 _bspa
_cBJBSDDR
041 _aspa
050 _bB136 2014
100 1 _aRevueltas, José Agustín,
_d1914-1976
_931729
245 1 0 _aVer en las tinieblas :
_bnarrativa, ensayo, evocaciones /
_cJosé Revueltas, José Manuel Mateo, editor
250 _bPrimera edición
260 _aMéxico :
_bFondo de Cultura Económica Era,
_c2014
300 _a 386 paginas ;
_b17 cm
520 _aLa presente antología, realizada por José Manuel Mateo, permitirá al lector adentrase en los textos más representativos del duranguense a partir de un recorrido genérico, regido por tres ejes temáticos. Hay aquí prosa, relatos completos y fragmentos de novelas y ensayos sobre literatura y política, así como pasajes autobiográficos que incluyen cartas y apuntes del mismo autor.
700 1 _aMateo, José Manuel
_946258
942 _2lcc
_n0
_cBK
946 _icmc
999 _c125990
_d125990